000
00259nam a22001217a 4500
008
210707s2013 xx 000 0 und d
041
_a
eng
082
_a
052 MANG
100
_a
Lobo, Patricia
245
_a
Mangalore
260
_c
2013
650
_a
Mangalore
999
_c
179840
_d
179840